История Объединения свободных немецких профсоюзов: пер. с нем.

Detalles Bibliográficos
Otros Autores: Дойчланд Г. Гейнц (редактор)
Lenguaje:ruso
Publicado: Москва, Профиздат, 1986
Materias:
Formato: Libro
KOHA link:https://koha.lib.tpu.ru/cgi-bin/koha/opac-detail.pl?biblionumber=265816

MARC

LEADER 00000nam0a2200000 4500
001 265816
005 20231101233943.0
020 |a RU  |b 86-88151 
035 |a (RuTPU)RU\TPU\book\288818 
090 |a 265816 
100 |a 20140630d1986 k a0rusy5003 ca 
101 1 |a rus 
102 |a RU 
105 |a y z 001zy 
200 1 |a История Объединения свободных немецких профсоюзов  |e пер. с нем.  |f под ред. Г. Дойчланда 
210 |a Москва  |c Профиздат  |d 1986 
215 |a 367 с. 
320 |a Библиогр. в примеч.: с. 359-363. 
606 1 |a Профессиональные союзы  |2 stltpush  |3 (RuTPU)RU\TPU\subj\52938  |9 71324 
610 1 |a Германская Демократическая Республика 
610 1 |a история 
610 1 |a Германия 
610 1 |a зарождение 
610 1 |a развитие 
610 1 |a деятельность 
686 |a Ф72(4Ге)  |2 rubbk 
702 1 |a Дойчланд  |b Г.  |g Гейнц  |4 340 
801 0 |a RU  |b RuMRKP  |c 19950704  |g psbo 
801 1 |a RU  |b 63413507  |c 20140630 
801 2 |a RU  |b 63413507  |c 20150623  |g RCR 
942 |c BK